Faktory ovplyvňujúce konkurencieschopnosť SR v podmienkach EÚ

Hodnotenie Slovenska zo strany Svetového ekonomického fóra v Správe o globálnej konkurencieschopnosti. Faktory vplývajúce na konkurenčnú schopnosť Slovenska. Slabé stránky slovenskej ekonomiky. Hodnotenie podľa Indexu rastovej konkurencieschopnosti a Indexu globálnej konkurencieschopnosti.

Salvato in:
Dettagli Bibliografici
Autore principale: Fliegová, Jana
Natura: Capitolo di libro
Lingua:slovacco
Soggetti:
Tags: Aggiungi Tag
Nessun Tag, puoi essere il primo ad aggiungerne!!

MARC

LEADER 00000nla$a2200000$$$4500
001 0066561
005 20240502071806.3
041 0 |a slo 
044 |a SK 
245 1 0 |a Faktory ovplyvňujúce konkurencieschopnosť SR v podmienkach EÚ  |c Jana Fliegová 
520 |a Hodnotenie Slovenska zo strany Svetového ekonomického fóra v Správe o globálnej konkurencieschopnosti. Faktory vplývajúce na konkurenčnú schopnosť Slovenska. Slabé stránky slovenskej ekonomiky. Hodnotenie podľa Indexu rastovej konkurencieschopnosti a Indexu globálnej konkurencieschopnosti. 
610 2 0 |a konkurencieschopnosť 
610 2 0 |a konkurencia 
610 2 0 |a rast hospodársky 
610 2 0 |a prostredie podnikateľské 
610 2 0 |a inflácia 
610 2 0 |a investície priame zahraničné 
610 2 0 |a financie 
610 2 0 |a vzdelávanie 
610 2 0 |a Slovensko 
100 1 |a Fliegová, Jana